| 000 | 00480cam a2200145 4500500 | ||
|---|---|---|---|
| 005 | 20251012032643.0 | ||
| 041 | _afre | ||
| 042 | _adc | ||
| 100 | 1 | 0 |
_aLévi, Florence _eauthor |
| 245 | 0 | 0 | _aGeorges Banu : La porte au cœur de l’intime, Paris, Arléa, 2015, 192 pages. |
| 260 | _c2025. | ||
| 500 | _a92 | ||
| 786 | 0 | _nSigila | 55 | 1 | 2025-05-06 | p. 215-216 | 1286-1715 | |
| 856 | 4 | 1 | _uhttps://shs.cairn.info/revue-sigila-2025-1-page-215?lang=fr&redirect-ssocas=7080 |
| 999 |
_c1548009 _d1548009 |
||